000 01140nam a2200229Ia 4500
001 15881
003 GE_BSU
008 181216s||||||||xx |||||||||||||| ||und||
040 _cGE_BSU
080 _a821.353.1 + 821.353.1-32
100 _aჭავჭავაძე, ი. (ილია, 1837-1907)
245 _aთხზულებათა სრული კრებული : 10 ტომად. ტ. 2
245 _bმხატვრული პროზა
245 _cპ. ინგოროყვას რედ. [და შესავ. წერილით]
260 _aთბილისი
260 _bსახელგამი
300 _a639 გვ.20 სმ.
300 _eილიას ნაწარმოების კომენტარი-სარედაქციო შენიშვნები გვ. 577-610. - სარედაქციო შენიშვნები-პ. ინგოროყვა, გვ. 611-36
653 _aთხზულებათა სრული კრებული
653 _aმხატვრული პროზა
942 _cBK
999 _c48976
_d48976